Človek a jeho jazyk /4 Terminologické inšpirácie profesora Jána Horeckého

Na minha lista:
Detalhes bibliográficos
Formato: Livro
Idioma:eslovaco
Publicado em: Bratislava VEDA 2019
Assuntos:
Tags: Adicionar Tag
Sem tags, seja o primeiro a adicionar uma tag!

MARC

LEADER 00000nam a22000003a 4500
001 0084539
003 SK-STU
005 20201119140606.9
007 ta
008 201119s ----xo-----e------000-0-----d
020 |a 978-80-224-1740-2 
040 |a STU  |b slo 
041 0 |a slo 
245 1 0 |a Človek a jeho jazyk /4  |b Terminologické inšpirácie profesora Jána Horeckého 
260 |a Bratislava  |b VEDA  |c 2019 
300 |a 208 s. 
650 0 7 |a jazyk 
996 |b 284J046203  |c J* 118750  |l JJSK  |s A  |a 24  |w 0084539_0001